| 000 | 00703nam a22001817a 4500 | ||
|---|---|---|---|
| 003 | NUST | ||
| 005 | 20230123110346.0 | ||
| 008 | 230123b ||||| |||| 00| 0 eng d | ||
| 020 | _a9780753730119 | ||
| 082 | _a808.85,MAN | ||
| 100 |
_aMandela, Nelson _99193 |
||
| 245 |
_aSpeeches : _bthat changed the world / _cNelson Mandela, |
||
| 260 |
_aMalaysia _bSamantha Warrington _c2015 |
||
| 300 | _a191 p | ||
| 505 | _aIntroduction (Page--6), Acient history (Page-8), Love (Page-31), Religon (Page-49), Science (Page-72), Pateiotism (Page-86), Philosophy (Page-100), Humanity and liberty (Page-105), Sport (Page-141), Politcs (Page-145), War (Page-159). | ||
| 650 |
_aSpeeches _919181 |
||
| 942 |
_2ddc _cBK |
||
| 999 |
_c592972 _d592972 |
||